Sujetos tácitos : (Registro nro. 13890)

Detalles MARC
000 -LIDER
fixed length control field 01190nam a22003137a 4500
003 - IDENTIFICACDOR DE NÚMERO DE CONTROL
control field DO-SdBNP
005 - DATE AND TIME OF LATEST TRANSACTION
control field 20211123071014.0
007 - CAMPOS FIJOS DE DESCRIPCIÓN FÍSICA
fixed length control field ta
008 - ELEMENTOS DE LONGITUD FIJA
fixed length control field 210520e2020 dr ||||er|||| 001 ddspa d
020 ## - ISBN
International Standard Book Number 9789945926293
040 ## - FUENTE DE CATALOGACIÓN
Agencia que crea de manera original el registro DO-SdBNP
Idioma de catalogación spa
Agencia que realiza la transcripción BPMSU
082 #4 - NÚMERO DE CLASIFICACIÓN DECIMAL DE DEWEY
Classification number 306.766
Item number D292s 2020
Edition number 22
100 1# - ASIENTO PRINCIPAL -- NOMBRE PERSONAL
Nombre personal Decena, Carlos Ulises
245 10 - MENCIÓN DE TITULO
Título Sujetos tácitos :
Subtítulo pertenencia y deseo homosexual entre hombres dominicanos en el exilio /
Mención de responsabilidad Carlos Ulises Decena ; edición Fari Rosario ; traductor Tomás Rosado Calderón.
260 ## - PUBLICACIÓN, DISTRIBUCIÓN, ETC. (PIE DE IMPRENTA)
Lugar de publicación, distribución, etc Santo Domingo :
Nombre del editor, distribuidor, etc. INTEC,
Fecha de publicación, distribución, etc 2020.
300 ## - DESCRIPCIÓN FÍSICA
Extensión 340 p. ;
Dimensiones 24 cm.
500 ## - NOTA GENERAL
Nota general Incluye datos biográficos del autor en la solapa de la cubierta
534 ## - NOTA SOBRE LA VERSIÓN ORIGINAL
Materiales especificados Título original :
Mención del título original Tacit subjects : belonging and same - sex desire among dominican immigrant men
590 ## - NOTA LOCAL
Texto de la nota local Inventariado, 2021/VM
650 #4 - ENCABEZAMIENTO DE MATERIA--TEMÁTICO
Término temático o nombre geográfico como elemento de entrada Homosexualidad
650 #4 - ENCABEZAMIENTO DE MATERIA--TEMÁTICO
Término temático o nombre geográfico como elemento de entrada Dominicanos en Estados Unidos
Subdivisión temática general Condiciones sociales
650 14 - ENCABEZAMIENTO DE MATERIA--TEMÁTICO
Término temático o nombre geográfico como elemento de entrada Movimientos sociales
650 #4 - ENCABEZAMIENTO DE MATERIA--TEMÁTICO
Término temático o nombre geográfico como elemento de entrada Identidad sexual
700 1# - ASIENTO SECUNDARIO -- NOMBRE PERSONAL
Nombre personal Rosario, Fari ,
Mención de responsabilidad ed.
700 1# - ASIENTO SECUNDARIO -- NOMBRE PERSONAL
Nombre personal Rosado Calderón, Tomás,
Mención de responsabilidad tr.
710 2# - ASIENTO SECUNDARIO -- NOMBRE CORPORATIVO
Nombre corporativo o de jurisdicción Instituto Tecnológico de Santo Domingo
910 ## - VALIDACIÓN
Validación VMateo V.
942 ## - ADDED ENTRY ELEMENTS (KOHA)
Source of classification or shelving scheme Dewey Decimal Classification
Koha item type Libros
Existencias
Withdrawn status Lost status Source of classification or shelving scheme Damaged status Not for loan Collection code Home library Current library Date acquired Source of acquisition Total Checkouts Full call number Barcode Date last seen Price effective from Koha item type
    Dewey Decimal Classification     Colección Dominicana Biblioteca Pública Metropolitana Salomé Ureña Biblioteca Pública Metropolitana Salomé Ureña 11/23/2021 INTEC   BPMSU CD 306.766 D292s 2020 BPMSU21110109 11/23/2021 11/23/2021 Libros